Mestská a obecná symbolika Seč

Bibliographic Details
Main Author: Novák, Jozef, 1930-2024 (Author)
Format: Article
Language:Slovak
PhysicalDescription:Obr. 2
Subjects:

MARC

LEADER 00000nab a2200000 a 4500
001 vtls000641261
003 SK-MaSNL
005 20260303225708.0
008 160401c1997 xo 0 slo
015 |a SNBRB19rr/mm-uuuuu 
035 |a CL0641400 
040 |a SNKBUCL  |b slo  |c SNKBUCL  |e AACR2 
041 0 |a slo 
044 |a xo  |c SK 
080 |a 929.6(437.6)  |2 1981 
080 |a 7.045(437.6)  |2 1981 
080 |a 003.62  |2 1981 
100 1 |a Novák, Jozef,  |d 1930-2024  |4 aut  |9 246617 
245 1 0 |a Mestská a obecná symbolika  |b Seč  |c Jozef Novák 
300 |b Obr. 2 
650 0 7 |a symboly obecné  |2 snkbucl  |9 895989 
651 7 |a 5308  |2 snkbucl  |9 279395 
651 7 |a Seč (Slovensko)  |2 snkbucl  |9 176678 
655 7 |a články z novín a časopisov  |2 snkbucl  |9 267496 
773 0 |t Obecné noviny  |g Roč. 7, č. 46 (1997), s. 17 
850 |a Slovenská národná knižnica v Martine  |a MTA001 
852 |a SNK  |b KIS3GCP 
958 |a SK 
958 |a RK 
958 |a RBX 
999 |c 2258035  |d 2259965